00524nam a2200133Ia 45000010005000000080041000050200020000460820022000661000030000882450196001182600033003149010028003479990015003753729241024s9999 xx 000 0 und d a978-9945-89-0-4 aRD/374.0715/F633d aBasilo Florentino Morillo 0aDemanda y oferta de educación básica de adultos y formación técnico profesional para la población egresada del programa de alfabetización siembra para personas jóvenes y adultas bFundación Sur Futuroc2013 a13/3/2014 12:17:51 p.m. c8490d8490